| 000 | 00380nam a22001337a 4500 | ||
|---|---|---|---|
| 003 | SGT | ||
| 082 |
_a150 _bE21K |
||
| 100 | _aKM Anshu Kumari | ||
| 245 | _aEffect of Mindfulness Intervention On Resilience Coping Responses And Depression Among Orphan Adolescents | ||
| 260 |
_aGURUGRAM _bSGT UNIVERSITY _c2021 |
||
| 300 | _a132 | ||
| 650 | _aCLINICAL PSYCHOLOGY | ||
| 942 |
_2ddc _cTH |
||
| 999 |
_c26428 _d26428 |
||